• 首页
  • 本馆介绍
  • 公告通知
  • 最新文献
  • 馆藏检索
  • 电子资源
  • 读者导购
  • 参考咨询
  • 我的图书馆
  • 登录
  • 详细信息显示
  • 放入我的书架
  • 预约/预借图书
  • 作者相关作品
  • 分类相关作品
  • 丛书相关作品
  • 出版社相关作品

书目信息

  • 表格格式
  • 工作单格式
  • 卡片格式
题名:
转型经济条件下的市场秩序研究
    
 
作者: 纪宝成 主编
分册:  
出版信息: 北京   中国人民大学出版社  2003
页数: 456页
开本: 24cm
丛书名:
单 册:
中图分类: F723.0
科图分类:
主题词: 市场管理--研究--中国 , 市场管理
电子资源:
ISBN: 7-300-05311-4
000 00941nam0 2200253 450
000 00951nam0 2200253 450
000 00882nam0 2200229 450
000 00846nam0 2200217 45
005 20070725112312.37
010    @a7-300-05311-4@dCNY36.00
100    @a20070626d2003 em y0chiy0120 ea
101 0  @achi
102    @aCN@b110000
105    @ay z 000yy
200 1  @a转型经济条件下的市场秩序研究@AZhuan Xing Jing Ji Tiao Jian Xia De Shi Chang Zhi Xu Yan Jiu@f纪宝成主编@FJi Bao Cheng Zhu Bian
210    @a北京@c中国人民大学出版社@d2003
215    @a456页@d24cm
330    @a本书运用市场经济的理论对我国转型时期各类市场面临的市场秩序问题进行专门研究,剖析了各类市场秩序紊乱产生的根源,提出了治理这些市场秩序紊乱问题的具体政策建议。
606 0  @a市场管理@x研究@y中国
606 0  @a市场管理
690    @aF723.0@v4
701  0 @a纪宝成@AJi Bao Cheng@f(1944.11~)@4主编
801  0 @aCN@bTAOJIN@c20070725
905    @a10447@dF723.0@e40
    
    转型经济条件下的市场秩序研究/纪宝成主编.-北京:中国人民大学出版社,2003
    456页;24cm
    
    
    ISBN 7-300-05311-4:CNY36.00
    本书运用市场经济的理论对我国转型时期各类市场面临的市场秩序问题进行专门研究,剖析了各类市场秩序紊乱产生的根源,提出了治理这些市场秩序紊乱问题的具体政策建议。
●
相关链接 在E读中查询图书 在五车中查询图书 在当当中查询图书 在豆瓣中查询图书


正题名:转型经济条件下的市场秩序研究     索取号:F723.0/40         预约/预借

序号 登录号 条形码 馆藏地/架位号 状态 备注
1 0825019   208250195   第一样本阅览室/ [索取号:F723.0/40] 在馆    
2 0825020   208250202   第一借阅区/ [索取号:F723.0/40] 在馆    
3 0825021   208250211   第一借阅区/ [索取号:F723.0/40] 在馆    
4 0825022   208250220   第一借阅区/ [索取号:F723.0/40] 在馆    
唐山师范学院图书馆 欢迎您!
大连网信软件有限公司© 版权所有